Calle vieja y calle nueva / (Record no. 181660)
[ view plain ]
| 000 -CABECERA | |
|---|---|
| campo de control de longitud fija | 00845nam a2200241 u 4500 |
| 005 - FECHA Y HORA DE LA ÚLTIMA TRANSACCIÓN | |
| campo de control | 20230607063638.0 |
| 008 - ELEMENTOS DE LONGITUD FIJA--INFORMACIÓN GENERAL | |
| campo de control de longitud fija | 160415s19801997 r 000 0 eng d |
| 020 ## - NÚMERO INTERNACIONAL NORMALIZADO PARA LIBROS | |
| Número Internacional Estándar del Libro | 9688161934 |
| 035 ## - NÚMERO DE CONTROL DEL SISTEMA | |
| Número de control de sistema | UPN01000209559 |
| 049 ## - COLECCIÓN | |
| Colección | CG |
| 050 #4 - SIGNATURA TOPOGRÁFICA DE LA BIBLIOTECA DEL CONGRESO | |
| Número de clasificación | F1386.7 A2 |
| Número de documento/Ítem | V3.2 |
| 100 1# - ASIENTO PRINCIPAL--NOMBRE PERSONAL | |
| Nombre de persona | Valle-Arizpe, Artemio del, |
| Fechas asociadas al nombre | 1888-1961 |
| 9 (RLIN) | 29459 |
| 245 10 - MENCIÓN DE TÍTULO | |
| Título | Calle vieja y calle nueva / |
| Mención de responsabilidad, etc. | Artemio de Valle-Arizpe. |
| 260 ## - PUBLICACIÓN, DISTRIBUCIÓN, ETC. | |
| Lugar de publicación, distribución, etc. | México : |
| Nombre del editor, distribuidor, etc. | Diana, |
| Fecha de publicación, distribución, etc. | 1980 (1997 impr.). |
| 300 ## - DESCRIPCIÓN FÍSICA | |
| Extensión | 583, [79] p. : |
| Otras características físicas | il. |
| 440 #0 - MENCIÓN DE SERIE/ASIENTO SECUNDARIO--TÍTULO | |
| Título | Arte y cultura |
| 651 #4 - ASIENTO SECUNDARIO DE MATERIA - NOMBRE GEOGRAFICO | |
| Nombre geográfico | Ciudad de México |
| Subdivisión general | Calles |
| -- | Historia |
| 9 (RLIN) | 16233 |
| 651 #4 - ASIENTO SECUNDARIO DE MATERIA - NOMBRE GEOGRAFICO | |
| Nombre geográfico | Ciudad de México |
| Subdivisión general | Vida social y costumbres |
| Subdivisión cronológica | Siglo XVII |
| 9 (RLIN) | 13509 |
| 651 #4 - ASIENTO SECUNDARIO DE MATERIA - NOMBRE GEOGRAFICO | |
| Nombre geográfico | Ciudad de México |
| Subdivisión general | Vida social y costumbres |
| Subdivisión cronológica | Siglo XVIII |
| 9 (RLIN) | 18541 |
| 651 #4 - ASIENTO SECUNDARIO DE MATERIA - NOMBRE GEOGRAFICO | |
| Nombre geográfico | Ciudad de México |
| Subdivisión general | Vida social y costumbres |
| Subdivisión cronológica | Siglo XIX |
| 9 (RLIN) | 18542 |
| 905 ## - TIPO DE MATERIAL | |
| Tipo de material | Libro |
| Estado de retiro | Estado de pérdida | Fuente del sistema de clasificación o colocación | Estado dañado | No para préstamo | Código de colección | Localización permanente | Ubicación/localización actual | Ubicación en estantería | Total de préstamos | Clasificación | Código de barras | Fecha visto por última vez | Número de copia | Tipo de ítem Koha |
|---|---|---|---|---|---|---|---|---|---|---|---|---|---|---|
| Library of Congress Classification | Colección General | Bib. Gregorio Torres Quintero | Bib. Gregorio Torres Quintero | Planta baja | F1386.7 A2 V3.2 | 309973 | 31/12/2020 | 1 | Libro |
